• 首页
  • 本馆介绍
  • 公告通知
  • 最新文献
  • 馆藏检索
  • 电子资源
  • 读者导购
  • 参考咨询
  • 我的图书馆
  • 登录
  • 详细信息显示
  • 放入我的书架
  • 预约/预借图书
  • 作者相关作品
  • 分类相关作品
  • 丛书相关作品
  • 出版社相关作品

书目信息

  • 表格格式
  • 工作单格式
  • 卡片格式
题名:
沿着马克思的理论道路前进
    
 
作者: ;上海市哲学社会科学学会联合会 编
分册:  
出版信息: 上海   上海人民出版社  1983
页数: 400页
开本: 21cm
丛书名:
单 册:
中图分类: A714
科图分类:
主题词: 马克思--纪念文集
电子资源:
ISBN:
000 00907nam0 2200241 45
001 0183005932
005 20060727085252.00
010    @dCNY1.30
091    @a3074.669
100    @a19950520d1983 emky0chiy0121 ea
101 0  @achi
102    @aCN@b310000
105    @ay z 010yy
200 10 @a沿着马克思的理论道路前进@Ayan zhe ma ke si de li lun dao lu qian jin@e纪念马克思逝世一百周年论文集@EJi Nian Ma Ke Si Shi Shi Yi Bai Zhou Nian Lun Wen Ji@f上海市哲学社会科学学会联合会编@FShang Hai Shi Zhe Xue She HuiKe Xue Xue Hui Lian He Hui Bian
210    @a上海@c上海人民出版社@d1983
215    @a400页@d21cm
517    @a纪念马克思逝世一百周年论文集@AJi Nian Ma Ke Si Shi Shi Yi Bai Zhou Nian Lun Wen Ji
606 0  @a马克思@x纪念文集
690    @aA714@v3
711 02 @a上海市哲学社会科学学会联合会@4编
801  0 @aCN@b上海图书馆@c20060727
801  2 @aCN@bNLC@c20060726
905    @dA714@e30@f1@b90470
    
    沿着马克思的理论道路前进:纪念马克思逝世一百周年论文集/上海市哲学社会科学学会联合会编.-上海:上海人民出版社,1983
    400页;21cm
    
    
    ISBN :CNY1.30
    
●
相关链接 在E读中查询图书 在五车中查询图书 在当当中查询图书 在豆瓣中查询图书


正题名:沿着马克思的理论道路前进     索取号:A714/30         预约/预借

序号 登录号 条形码 馆藏地/架位号 状态 备注
1 0090463   001298072   第一借阅区/ [索取号:A714/30] 在馆    
2 0090464   001298063   第一借阅区/ [索取号:A714/30] 在馆    
3 0090465   001298054   第一样本阅览室/ [索取号:A714/30] 在馆    
4 0090466   001298116   第一借阅区/ [索取号:A714/30] 在馆    
5 0090467   001858403   密集书库/ [索取号:A714/30] 在馆    
6 0090468   001865182   密集书库/ [索取号:A714/30] 在馆    
7 0090469   001865146   密集书库/ [索取号:A714/30] 在馆    
8 0090470   000955826   第一样本阅览室/ [索取号:A714/30] 在馆    
9 0426692   204266926   密集书库/ [索取号:A714/30] 在馆    
10 0439871   204398712   密集书库/ [索取号:A714/30] 在馆    
唐山师范学院图书馆 欢迎您!
大连网信软件有限公司© 版权所有